Higher engineering mathematics / (Record no. 3307)

000 -LEADER
fixed length control field 00421nam a2200157 4500
008 - FIXED-LENGTH DATA ELEMENTS--GENERAL INFORMATION
fixed length control field 200408b ||||| |||| 00| 0 eng d
020 ## - INTERNATIONAL STANDARD BOOK NUMBER
International Standard Book Number 8174091955
082 00 - DEWEY DECIMAL CLASSIFICATION NUMBER
Classification number 510.2462
Item number G841
100 ## - MAIN ENTRY--PERSONAL NAME
9 (RLIN) 1611
Personal name Grewal, B. S.
245 10 - TITLE STATEMENT
Title Higher engineering mathematics /
250 ## - EDITION STATEMENT
Edition statement 20th ed.
260 ## - PUBLICATION, DISTRIBUTION, ETC. (IMPRINT)
Place of publication, distribution, etc Delhi
Name of publisher, distributor, etc Khanna Publications
Date of publication, distribution, etc 1988
300 ## - PHYSICAL DESCRIPTION
Extent viii,1022 p.
650 #0 - SUBJECT ADDED ENTRY--TOPICAL TERM
Topical term or geographic name as entry element Mathematics
942 ## - ADDED ENTRY ELEMENTS (KOHA)
Source of classification or shelving scheme
Item type Books
Holdings
Withdrawn status Lost status Source of classification or shelving scheme Damaged status Not for loan Permanent location Current location Date acquired Full call number Barcode Date last seen Koha item type
          IMU Kolkata IMU Kolkata 2020-04-08 510.2462 G841 05945 2020-04-08 Books
          IMU Kolkata IMU Kolkata 2020-04-08 510.2462 G841 05956 2020-04-08 Books
          IMU Kolkata IMU Kolkata 2020-04-09 510.2462 G841 05962 2020-04-09 Books
          IMU Kolkata IMU Kolkata 2020-07-13 510.2462 G841 07341 2020-07-13 Books
          IMU Kolkata IMU Kolkata 2020-07-15 510.2462 G841 07465 2020-07-15 Books
          IMU Kolkata IMU Kolkata 2020-07-15 510.2462 G841 07466 2020-07-15 Books
          IMU Kolkata IMU Kolkata 2020-07-15 510.2462 G841 07469 2020-07-15 Books
          IMU Kolkata IMU Kolkata 2020-07-15 510.2462 G841 07483 2020-07-15 Books
          IMU Kolkata IMU Kolkata 2020-07-15 510.2462 G841 07484 2020-07-15 Books
          IMU Kolkata IMU Kolkata 2020-07-15 510.2462 G841 07504 2020-07-15 Books
          IMU Kolkata IMU Kolkata 2020-07-15 510.2462 G841 07505 2020-07-15 Books
          IMU Kolkata IMU Kolkata 2020-07-15 510.2462 G841 07506 2020-07-15 Books
          IMU Kolkata IMU Kolkata 2020-07-15 510.2462 G841 07507 2020-07-15 Books
          IMU Kolkata IMU Kolkata 2020-07-15 510.2462 G841 07515 2020-07-15 Books
          IMU Kolkata IMU Kolkata 2020-07-17 510.2462 G841 07520 2020-07-17 Books
Designed and Maintained by IMU-KC Library, Kolkata Campus © Copyright All Rights Reserved

webs counters

Powered by Koha